| 000 | 00406 a2200169 4500 | ||
|---|---|---|---|
| 001 | 71131 | ||
| 020 | _a852621487X | ||
| 040 | _cAnchieta - Colégio São Paulo | ||
| 100 | _aGóes, Lúcia Pimentel | ||
| 240 | 1 | 0 |
_aO gato Guto e o pato Pito _lpor |
| 245 | 1 | 0 | _aO gato Guto e o pato Pito |
| 300 | _a[15p.] | ||
| 362 | 0 | _a1990 | |
| 440 | 1 | _aScipione | |
| 650 | 4 | _aLiteratura infanto-juvenil | |
| 942 | _cBK | ||
| 999 |
_c71131 _d71131 |
||